Renaissance in Haiti; (Record no. 12358)

MARC details
000 -LEADER
campo de control de longitud fija 00797cam a22002651 4500
001 - NÚMERO DE CONTROL
campo de control 31849
005 - FECHA Y HORA DE LA ÚLTIMA TRANSACCIÓN
campo de control 20230410101712.0
008 - DATOS DE LONGITUD FIJA--INFORMACIÓN GENERAL
campo de control de longitud fija 730711s1948 nyuab 000 0 eng
035 ## - NÚMERO DE CONTROL DEL SISTEMA
-- (DLC) 48010620
035 ## - NÚMERO DE CONTROL DEL SISTEMA
Número de control de sistema 9289269
010 ## - NÚMERO DE CONTROL DE LA BIBLIOTECA DEL CONGRESO
Número de control de LC 48010620
035 ## - NÚMERO DE CONTROL DEL SISTEMA
Número de control de sistema (OCoLC)654296
040 ## - FUENTE DE CATALOGACIÓN
Centro catalogador/agencia de origen DLC
Centro/agencia transcriptor VtU
Centro/agencia modificador OCoLC
-- DLC
042 ## - CÓDIGO DE AUTENTICACIÓN
Código de autenticación premarc
050 14 - SIGNATURA TOPOGRÁFICA DE LA BIBLIOTECA DEL CONGRESO
Número de clasificación 110 ND 306
Número de ítem R693r 1948
082 ## - NÚMERO DE LA CLASIFICACIÓN DECIMAL DEWEY
Número de clasificación 759.97294
100 1# - ENTRADA PRINCIPAL--NOMBRE DE PERSONA
Nombre de persona Rodman, Selden,
Fechas asociadas al nombre 1909-2002
245 10 - MENCIÓN DEL TÍTULO
Título Renaissance in Haiti;
Resto del título popular painters in the Black Republic /
Mención de responsabilidad, etc. by Selden Rodman.
260 ## - PUBLICACIÓN, DISTRIBUCIÓN, ETC.
Lugar de publicación, distribución, etc. New York,
Nombre del editor, distribuidor, etc. Pellegrini & Cudahy
Fecha de publicación, distribución, etc. [1948]
300 ## - DESCRIPCIÓN FÍSICA
Extensión 134 p.
Otras características físicas illus. (part col.) map (on lining-papers)
Dimensiones 26 cm.
650 #0 - PUNTO DE ACCESO ADICIONAL DE MATERIA--TÉRMINO DE MATERIA
Término de materia o nombre geográfico como elemento de entrada Painting
Subdivisión geográfica Haiti.
650 #0 - PUNTO DE ACCESO ADICIONAL DE MATERIA--TÉRMINO DE MATERIA
Término de materia o nombre geográfico como elemento de entrada Painters
Subdivisión geográfica Haiti.
942 ## - ELEMENTOS DE ENTRADA SECUNDARIOS (KOHA)
Fuente del sistema de clasificación o colocación Clasificación de Library of Congress
Tipo de ítem Koha
985 ## -
-- OCLC REPLACEMENT cdsdistr
Holdings
Estatus retirado Estado de pérdida Fuente del sistema de clasificación o colocación Estado de daño No para préstamo Colección Biblioteca de origen Biblioteca actual Ubicación en estantería Fecha de adquisición Serial enumeration / chronology Signatura topográfica completa Código de barras Visto por última vez Copia número Tipo de ítem Koha
    Clasificación de Library of Congress     Recursos Regionales Biblioteca Juan Bosch Biblioteca Juan Bosch Recursos Regionales (2do. Piso) 10/04/2023 1 110 ND 306 R693r 1948 00000034925 23/10/2018 1